000 02868nam a2200253 a 4500
999 _c2607
_d2607
005 20170905121056.0
008 130416s2012 000 spa d
020 _a9789505186662
082 1 4 _214
_a306.3
100 1 _92756
_aSassatelli, Roberta
245 1 0 _aConsumo, cultura y sociedad. /
_cRoberta Sassatelli.
260 _c2012.
_aBuenos Aires :
_bAmorrortu,
300 _a283 p.
500 _aIncluye Referencias bibliográficas.
505 0 _aIntroducción Nacidos para consumir Primera parte. Nacimiento y génesis de la sociedad de consumo 1. Capitalismo y revolución del consumo 2. La producción cultural del valor económico Segunda parte. Las teorías de la acción de consumo 3. Utilidad y competencia social 4. Necesidades inducidas y simulación 5. Gustos, comunicación y prácticas Tercera parte. La política del consumo 6. Consumismo y promoción 7. Mercancías y consumidores 8. Consumo y contextos Conclusión Consumidores, cultura(s) de consumo y prácticas de consumo
520 2 _aMuchas veces se ha afirmado, en tono de denuncia, que la nuestra es una sociedad signada por el consumo. Con este rótulo, surgido en la segunda posguerra y llevado a la notoriedad por autores como Marcuse, Galbraith, Packard y Baudrillard, se ha querido destacar el hecho de que la sociedad en que vivimos se connota como una particular variante del capitalismo, caracterizada precisamente por la primacía del consumo. Pero, en realidad, tras su aparente simplicidad, la expresión «sociedad de consumo» es profundamente ambigua. La autora ilustra la génesis histórica de la cultura de consumo contemporánea, las principales teorías que han tratado de explicar los comportamientos de los consumidores, las relaciones de poder que implican las prácticas de uso y consumo de bienes. Al esclarecimiento teórico se agregan numerosos ejemplos referidos a las modas juveniles y al consumo caracterizado en función del género, a la cocina étnica, a la televisión y a las opciones para el tiempo libre, a los gastos en sanidad y a los boicots contra las multinacionales. De estas exploraciones surgen los mecanismos mediante los cuales la cultura de consumo —producto de vastos fenómenos, como la globalización de los intercambios, el desarrollo de importantes cadenas de distribución, la difusión de mensajes comerciales cada vez más sofisticados— es luego «negociada» en la cotidianidad de los sujetos comprometidos en construir una identidad propia y un estilo de vida entre la necesidad, la alienación y el placer.
650 1 0 _94238
_aANTROPOLOGÍA CULTURAL
650 0 _9401
_aGLOBALIZACION
650 1 0 _92757
_aCONSUMO
930 1 _lBNA01
_mLIBRO
_820130416
_f10
_pOR
_g5544
942 _2ddc
_cLIBRO
956 _aOSUAREZ
_b00
_c20130416
_lBNA01
_h1314
956 _aOSUAREZ
_b00
_c20130416
_lBNA01
_h1314